<A> vállalati minőségszabályozási rendszer szervézése
Gespeichert in:
| 1. Verfasser: | |
|---|---|
| Format: | Buch |
| Sprache: | Ungarisch |
| Veröffentlicht: |
Budapest
Műszaki könyvkiadó
1979
|
| Tags: |
Keine Tags, Fügen Sie das erste Tag hinzu!
|
MARC
| LEADER | 00000nam a2200000 4500 | ||
|---|---|---|---|
| 001 | 0229466 | ||
| 005 | 20240822101705.5 | ||
| 041 | 0 | |a hun | |
| 044 | |a HU | ||
| 245 | 1 | 0 | |a <A> vállalati minőségszabályozási rendszer szervézése |c János Vecsenyi |
| 264 | 1 | |a Budapest |b Műszaki könyvkiadó |c 1979 | |
| 300 | |a 237 s. | ||
| 100 | 1 | |a Vecsenyi, János | |